Las partes del ser /

Saved in:
Bibliographic Details
Main Author: Aun Weor, Samael (autor)
Format: Book
Language:Español
Subjects:
Tags: Add Tag
No Tags, Be the first to tag this record!

MARC

LEADER 00000nam^a2200000^a^4500
001 000343037
005 20250521000000.0
009 20260310114611.15
020 |a 970-92994-8-4 
025 |a Donación Jorge Manzano Vargas, 1 ejemplar 
037 |a Acervo Xavier Clavigero 
041 |a ESP 
082 |a 299. 932  |b AUN 
100 |a Aun Weor, Samael  |e (autor) 
245 1 4 |a Las partes del ser /  |c S. Aun Weor. 
264 |a Cuernavaca, México :  |b Nous,  |c fecha no identificada 
300 |a 468 p. 
336 |a texto  |b txt  |2 rdacontenido 
337 |a sin mediación  |b n  |2 rdamedio 
338 |a volumen  |b nc  |2 rdasoporte 
649 |a XX 
650 |a Mónadas 
650 |a Dioses 
650 |a Metafísica 
650 |a Teosofía -  |x Tema Principal 
650 |a Esoterismo 
650 |a Gnosticismo -  |x Tema Principal 
650 |a Religión 
650 |a Ciencias Ocultas 
910 |a Fondo Jorge Manzano Vargas S.J. 
920 |a Impresos - Libros 
930 |a Fondos Especiales 
905 |a 120 
901 |a 0500233337  |b IT2  |c ESP  |i FXC D  |u 20250521 
902 |a https://opac.biblio.iteso.mx/vufind/Record/000343037